00606 2200217 4500001002100000005001700021008004100038020001800079035002400097082001300121090002300134100001900157245007100176260003000247300001900277650003400296700002200330850001500352985000600367999001500373YOGYA-0209000003893320090227025423.0 ind  a0-7946-0000-X 0010-020900000038933 a419.2203 a419.2203bRob JlR aROBSON, Stuart aJavanese English dictionarybby Stuart Robson and Singgih Wibisono aSingapurabPeriplusc2002 a821 hlmc24 cm aBahasa Jawa - Kamus - Inggris aWibisono, Singgih aYOPDYOG[B] a1 a05B0012712